বুদ্ধি খাটালেই টাকা অর্জনের সেরা পথ শেয়ার বিনিয়োগ / (Record no. 10766)
[ view plain ]
| 000 -LEADER | |
|---|---|
| fixed length control field | 00891nam a2200241 a 4500 |
| 001 - CONTROL NUMBER | |
| JCCL Control Number | 10766 |
| 003 - CONTROL NUMBER IDENTIFIER | |
| JCCL marc code | BD-JhCC |
| 005 - DATE AND TIME OF LATEST TRANSACTION | |
| control field | 20180908102712.0 |
| 008 - FIXED-LENGTH DATA ELEMENTS--GENERAL INFORMATION | |
| fixed length control field | 180908s2010 bg a|||| |||| 000 0 ben d |
| 020 ## - INTERNATIONAL STANDARD BOOK NUMBER | |
| International Standard Book Number | 9847025400608 |
| 035 ## - SYSTEM CONTROL NUMBER | |
| system control number | (BD-JhCC)10766 |
| 040 ## - CATALOGING SOURCE | |
| Original cataloging agency | BD-JhCC |
| Modifying agency | BD-JhCC |
| 041 ## - LANGUAGE CODE | |
| Language code of Book | ben |
| 082 ## - DEWEY DECIMAL CLASSIFICATION NUMBER | |
| Classification number | 332.642 |
| Author mark and Year | AHA 2010 |
| 100 ## - MAIN ENTRY--PERSONAL NAME | |
| Personal name | আহমাদ, মোস্তাক |
| 245 ## - TITLE STATEMENT | |
| Title | বুদ্ধি খাটালেই টাকা অর্জনের সেরা পথ শেয়ার বিনিয়োগ / |
| Remainder of title | |
| Statement of responsibility, etc | মোস্তাক আহমাদ |
| 260 ## - PUBLICATION, DISTRIBUTION, ETC. (IMPRINT) | |
| Place of publication, distribution, etc | ঢাকা : |
| Name of publisher, distributor, etc | কালি কলম প্রকাশনা, |
| Date of publication, distribution, etc | ২০১০. |
| 300 ## - PHYSICAL DESCRIPTION | |
| Pagination | ১৩৪ পৃ. : |
| Other physical details | চিত্রাবলী, |
| Dimensions | ২১ সেমি. |
| 650 ## - SUBJECT ADDED ENTRY--TOPICAL TERM | |
| Topical term or geographic name as entry element | Stock exchanges |
| 650 ## - SUBJECT ADDED ENTRY--TOPICAL TERM | |
| Topical term or geographic name as entry element | Portfolio management |
| 650 ## - SUBJECT ADDED ENTRY--TOPICAL TERM | |
| Topical term or geographic name as entry element | Investment analysis |
| 942 ## - ADDED ENTRY ELEMENTS (KOHA) | |
| Source of classification or shelving scheme | Dewey Decimal Classification |
| Koha item type | Books |
| Source of classification or shelving scheme | Damaged status | Not for loan | Home library | Current library | Shelving location | Date of accession | Cost, normal purchase price | Total Checkouts | Full call number | Barcode | Date last seen | Copy number | Koha item type |
|---|---|---|---|---|---|---|---|---|---|---|---|---|---|
| Dewey Decimal Classification | JCC Rouf Library | JCC Rouf Library | General Stacks | 09/08/180 | 150.00 | 332.642 AHA 2010 | 14596 | 09/08/2018 | C-1 | Books |